FUNDAMENTALS OF AGRONOMY (Record no. 9961)
[ view plain ]
| 000 -LEADER | |
|---|---|
| fixed length control field | 00579nam a22001697a 4500 |
| 003 - CONTROL NUMBER IDENTIFIER | |
| control field | SGT |
| 020 ## - INTERNATIONAL STANDARD BOOK NUMBER | |
| International Standard Book Number | 9788120404168 |
| 082 ## - DEWEY DECIMAL CLASSIFICATION NUMBER | |
| Classification number | 631,CHA |
| 100 ## - MAIN ENTRY--PERSONAL NAME | |
| Personal name | CHANDRA,GOPAL DE |
| 245 ## - TITLE STATEMENT | |
| Title | FUNDAMENTALS OF AGRONOMY |
| 250 ## - EDITION STATEMENT | |
| Edition statement | 1ST |
| 260 ## - PUBLICATION, DISTRIBUTION, ETC. (IMPRINT) | |
| Place of publication, distribution, etc | NEW DELHI |
| Name of publisher, distributor, etc | OXFORD & IBH |
| Year of Publication | 2016 |
| 300 ## - PAGE DESCRIPTION | |
| No. of Pages | 429 |
| 650 ## - SUBJECT ADDED ENTRY--TOPICAL TERM | |
| Topical term or geographic name as entry element | AGRONOMY |
| 653 ## - KEYWORDS--INDEX TERM | |
| Keyword term | AGRONOMY PRINCIPLES, SEEDS, SOWING AND PLANTING, SOIL & SOIL MANAGEMENT, TILLAGE, TYPES OF TILLAGE OPERATIONS, NUTRIENT MANAGEMENT, WATER MANAGEMENT, DRY FARMING WEED AND WEED MANAGEMENT, METHODS OF CROPPING, CROPPING PATTERN |
| 942 ## - ADDED ENTRY ELEMENTS (KOHA) | |
| Source of classification or shelving scheme | Dewey Decimal Classification |
| Koha item type | Books |
| 942 ## - ADDED ENTRY ELEMENTS (KOHA) | |
| -- | 15 |
| Withdrawn status | Lost status | Source of classification or shelving scheme | Damaged status | Not for loan | Home library | Current library | Shelving location | Date acquired | Vendor Name | Cost, normal purchase price | SGTU | Bill Number | Total Checkouts | Total Renewals | Full call number | Accession No. (Barcode) | Date last seen | Date last borrowed | Bill Date | Koha item type | Checked out |
|---|---|---|---|---|---|---|---|---|---|---|---|---|---|---|---|---|---|---|---|---|---|
| Dewey Decimal Classification | SGT Science & Social Sciences Library | SGT Science & Social Sciences Library | Text Book | 28/09/2016 | AHUJA BOOK | 265.00 | SGTU | 7120 | 19 | 1 | 631,CHA | AG2197 | 06/01/2026 | 19/12/2025 | 02/08/2016 | Books | |||||
| Dewey Decimal Classification | SGT Science & Social Sciences Library | SGT Science & Social Sciences Library | Text Book | 28/09/2016 | AHUJA BOOK | 265.00 | SGTU | 7120 | 40 | 631,CHA | AG2198 | 21/01/2023 | 05/01/2023 | 02/08/2016 | Books | ||||||
| Dewey Decimal Classification | Not For Loan | SGT Science & Social Sciences Library | SGT Science & Social Sciences Library | Reference Book | 28/09/2016 | AHUJA BOOK | 265.00 | SGTU | 7120 | 15 | 631,CHA | AG2199 | 12/09/2018 | 24/08/2018 | 02/08/2016 | Books | |||||
| Dewey Decimal Classification | SGT Science & Social Sciences Library | SGT Science & Social Sciences Library | Text Book | 28/09/2016 | AHUJA BOOK | 265.00 | SGTU | 7120 | 39 | 631,CHA | AG2200 | 18/02/2025 | 10/02/2025 | 02/08/2016 | Books | ||||||
| Dewey Decimal Classification | SGT Science & Social Sciences Library | SGT Science & Social Sciences Library | Text Book | 28/09/2016 | AHUJA BOOK | 265.00 | SGTU | 7120 | 15 | 631,CHA | AG2201 | 09/08/2018 | 09/08/2018 | 02/08/2016 | Books | 23/08/2018 |